Οι δύο πηγές της ηθικής και της θρησκείας
Saved in:
| Main Author: | |
|---|---|
| Other Authors: | |
| Format: | Book |
| Language: | Greek |
| Published: |
Αθήνα :
Νέος Σταθμός,
[χ.χ.]
|
| Series: | Αθάνατα έργα
|
| Subjects: | |
| Tags: |
Add Tag
No Tags, Be the first to tag this record!
|
MARC
| LEADER | 00000cam a2200000 i 4500 | ||
|---|---|---|---|
| 001 | 1/80010 | ||
| 008 | 050705q19601970 gre d | ||
| 035 | |l 10078913 | ||
| 040 | |a GR-MY-UA |b gre |e aacr | ||
| 041 | 0 | |a gre | |
| 082 | 0 | |a 170 |2 (22) | |
| 100 | 1 | |a Bergson, Henri |d 1859-1941. | |
| 245 | 1 | 3 | |a Οι δύο πηγές της ηθικής και της θρησκείας / |c Άρνι Μπέρξον ; μετάφραση Β. Ν. Τατάκη |
| 260 | |a Αθήνα : |b Νέος Σταθμός, |c [χ.χ.] | ||
| 300 | |a 288 σ.; |c 20 εκ. | ||
| 490 | 1 | |a Αθάνατα έργαα | |
| 504 | |a Περιέχει βιβλιογραφικές παραπομπές | ||
| 650 | 0 | 0 | |a Ethics. |
| 650 | 0 | 0 | |a Religion |x Philosophy. |
| 650 | 0 | 0 | |a Mysticism. |
| 700 | 1 | |a Τατάκης, Βασίλειος Ν. |d (1897-1986) | |
| 830 | 0 | |a Αθάνατα έργα | |
| 852 | |a INST |b RHODES |c KRI |e 20050705 |h 170 ΒΕR |p 005400028127 |q 005400028127 |t BK |y 0 | ||
| 901 | |a BIBL4-2005-2 | ||
| 909 | |a Ρ |b 111054 | ||
| 970 | |a ΣΙΔΕΡΗ |b ΝΕΚΤΑΡΙΑ |z 2005/07/05 | ||